Introduction to Autonomous Robots

Guardat en:
Dades bibliogràfiques
Autor principal: Correll, Nikolaus
Format: Llibre
Publicat: MIT Press
Etiquetes: Afegir etiqueta
Sense etiquetes, Sigues el primer a etiquetar aquest registre!

MARC

LEADER 00000nam a2200000Ia 4500
005 20260515061615.0
100 |a Correll, Nikolaus  
020 |a 9780262047555 
942 |c BK 
245 |a Introduction to Autonomous Robots  
260 |b MIT Press 
999 |c 32  |d 32 
952 |0 0  |1 0  |4 0  |7 0  |a ABDN  |b ABDN  |d 2026-05-15  |l 0  |p 000047  |r 2026-05-15 06:16:15  |w 2026-05-15  |y BK